01579nam a2200313 a 4500999001500000001000600015003000900021005001700030008004100047020001500088040005500103082001900158245009900177250001200276260005700288300004100345504005100386650003000437650003100467650001400498852003900512942001200551952011700563952011700680952011700797952011700914952011701031952011701148 c7577d757713565BD-DhUAP20210124151433.0210124r20102001ii a b 001 0 eng d a8185731276 aDNLM/DLCcDLCdNLMdBAKERdC#PdUKMdDLCdBD-DhUAP00223a615.19 PHA00aPharmaceutical Engineering : bprinciples and practices /cC. V. S. Subrahmanyam ... [et al.]. a1st ed. aDelhi :bVallabh prakashan,cc2001 [Reprinted 2010]. a512 pages :billustrations ;c21 cm. aIncludes bibliographical references and index. 0aPharmaceutical chemistry. 0aPharmaceutical technology.12aPharmacy.4 aUAP Central LibraryjGeneral shelf 2ddccBK 00102ddc4070aUAPCLbUAPCLcReserve Stacksd2021-01-24o615.19 PHAp3010013565r2021-01-24t1w2021-01-24yBK 00102ddc4070aUAPCLbUAPCLcReserve Stacksd2021-01-24o615.19 PHAp3010012892r2021-01-24t2w2021-01-24yBK 00102ddc4070aUAPCLbUAPCLcReserve Stacksd2021-01-25o615.19 PHAp3010010106r2021-01-25t3w2021-01-25yBK 00102ddc4070aUAPCLbUAPCLcReserve Stacksd2021-01-26o615.19 PHAp3010013564r2021-01-26t4w2021-01-26yBK 00102ddc4070aUAPCLbUAPCLcReserve Stacksd2021-01-31o615.19 PHAp3010012893r2021-01-31t5w2021-01-31yBK 00102ddc4070aUAPCLbUAPCLcReserve Stacksd2021-01-31o615.19 PHAp3010012891r2021-01-31t6w2021-01-31yBK